LIBRARY ONLINE CATALOGUE

Successful time management : (Record no. 3042)

MARC details
000 -LEADER
fixed length control field 00551nam a22001932 4500
001 - CONTROL NUMBER
control field 0000006090
005 - DATE AND TIME OF LATEST TRANSACTION
control field 20151217145829.0
008 - FIXED-LENGTH DATA ELEMENTS--GENERAL INFORMATION
fixed length control field 070913s xx 000 0 eng d
020 ## - INTERNATIONAL STANDARD BOOK NUMBER
Terms of availability KES 300
040 ## - CATALOGING SOURCE
Original cataloging agency KABU
Transcribing agency KABU
100 1# - MAIN ENTRY--PERSONAL NAME
Personal name Rukwaru, Mutea.
-- 0000157475
245 10 - TITLE STATEMENT
Title Successful time management :
Remainder of title the challenge for modern manager.
260 ## - PUBLICATION, DISTRIBUTION, ETC. (IMPRINT)
Place of publication, distribution, etc. Meru, Kenya :
Name of publisher, distributor, etc. Eureka,
Date of publication, distribution, etc. 2006.
300 ## - PHYSICAL DESCRIPTION
Extent xv, 64 p.
650 #0 - SUBJECT ADDED ENTRY--TOPICAL TERM
Topical term or geographic name as entry element Time management.
-- 0000151016
908 ## - PUT COMMAND PARAMETER (RLIN)
Put command parameter 070913
950 ## - LOCAL HOLDINGS (RLIN)
-- 1
Holdings
Withdrawn status Lost status Source of classification or shelving scheme Not for loan Home library Current library Date acquired Total Checkouts Full call number Barcode Date last seen Price effective from Koha item type
    Library of Congress Classification   Kabarak, Main Campus Kabarak, Main Campus 17/12/2015   HD69 .T54R85 010476 17/12/2015 17/12/2015 General Collection